00461nam a2200133Ia 4500003000400000008004100004040001600045082001600061245008200077260004500159300001000204999001700214952009600231GCL140319s9999 xx 000 0 eng d aGCL / cGCL04a658.64bK V10aValue Management in design and Constrrction: The Economic Manageut of project a[S.N] : bABT AKVERT SKIRA S.A ، c1993 a181 P c16841d16841 00104070aCAIbCAId2014-03-26l0o658.64\K Vp30453r2014-03-26 00:00:00w2014-03-26yBK